Random Anagrams - Countries of the World - Statistics

General Stats
  • This quiz has been taken 515 times
  • The average score is 12 of 20
Answer Stats
Hint Country % Correct
Papaw Ague Ennui Papua New Guinea
100%
U.K. Wait Kuwait
94%
Wez Bambi Zimbabwe
94%
Ay Sir Syria
92%
Find Lan Finland
91%
Gee Rec Greece
90%
In Aid India
90%
I I Hat Haiti
89%
A Jicama Jamaica
89%
Don Jar Jordan
89%
Ali By Libya
89%
Mail Mali
89%
I Jif Fiji
88%
Ox Mice Mexico
88%
Moan Oman
88%
El Ich Chile
87%
Reign Niger
87%
Go To Togo
87%
Be Inn Benin
86%
Dach Chad
86%
Chain China
86%
IQ Ar Iraq
86%
Laity Italy
86%
Jan Pa Japan
85%
U A Pal Palau
85%
U Cab Cuba
84%
OK Soov Kosovo
84%
Ant Hub Bhutan
83%
I Regain Nigeria
83%
Pure Peru
83%
A Bong Gabon
82%
Ad A Can Canada
81%
An Mapa Panama
81%
Key Rut Turkey
81%
A Hang Ghana
80%
Kanye Kenya
80%
Also Laos
80%
Old Pan Poland
80%
Cheesy Sell Seychelles
80%
U Ay Guru Uruguay
80%
La Mat Malta
79%
All Is Marshlands Marshall Islands
79%
Art QA Qatar
79%
Yarn Hug Hungary
78%
Rain Iran
78%
Con Mao Monaco
78%
Go Tan Tonga
78%
Enemy Yemen
78%
And Us Sudan
77%
Car Fen France
76%
I Am Bag Gambia
76%
Oval Mod Moldova
76%
Plane Nepal
76%
Is Pan Spain
76%
Analog Angola
75%
Liz Bar Brazil
75%
Cos Room Comoros
75%
Thanks A Zak Kazakhstan
75%
At Wain Taiwan
75%
Avaunt U Vanuatu
75%
I Am Law Malawi
74%
Coco Rom Morocco
74%
Ray Now Norway
74%
A Rap A Guy Paraguay
74%
We Send Sweden
74%
Ad Agra Scam Madagascar
73%
A Ziner Jab Azerbaijan
72%
Eel Biz Belize
71%
Maul A Gate Guatemala
71%
U.S.A. Sir Russia
71%
Am A Biz Zambia
71%
Swan Boat Botswana
70%
Eau Gin Guinea
70%
Nay Aug Guyana
70%
Gryts An Zyk Kyrgyzstan
70%
As Mao Samoa
70%
U Vault Tuvalu
70%
Via Boil Bolivia
69%
I Be Liar Liberia
69%
Regalia Algeria
68%
Nice Lad Iceland
67%
Ya Salami Malaysia
67%
A Nazi Ant Tanzania
67%
Hair Ban Bahrain
65%
Ruin Bud Burundi
65%
Moon Race Cameroon
65%
Type G Egypt
65%
La Vita Latvia
64%
Ink Pasta Pakistan
64%
And War Rwanda
64%
Oil A Comb Colombia
63%
U A Urn Nauru
62%
Ad A Gun Uganda
62%
Bag Handles Bangladesh
61%
I Aim Ban Namibia
61%
Mat Vine Vietnam
61%
In A Toes Estonia
60%
My Anger Germany
60%
In A Trauma Mauritania
60%
Mary Man Myanmar
60%
Icy Attic Van Vatican City
60%
Neon Lab Lebanon
59%
Its U Ara Austria
57%
Creep Zilch Cub Czech Republic
57%
Do In A Mic Dominica
57%
I Am Also Somalia
56%
Sailer Israel
55%
Zeal Venue Venezuela
55%
I A Banal Albania
54%
Wait In Es Eswatini
54%
Shoe Lot Lesotho
54%
Dim Slave Maldives
54%
I Hip Nipples Philippines
53%
Ok Safari Bun Burkina Faso
52%
Mango Oil Mongolia
52%
An Maori Romania
52%
Nag Eels Senegal
52%
Biz Sue Tank Uzbekistan
52%
Fan Gains Hat Afghanistan
50%
Ultra Asia Australia
50%
Cur Spy Cyprus
50%
I Go Rage Georgia
50%
U Tiramisu Mauritius
50%
Ammo Be Quiz Mozambique
50%
Is A Bre Serbia
50%
A Thin Lad Thailand
50%
Mr Naked Denmark
48%
Opera Sign Singapore
48%
An Rodar Andorra
47%
Carve Deep Cape Verde
47%
Sand Hour Honduras
47%
A Danger Grenada
45%
Zen Ale Dawn New Zealand
44%
Vial Oaks Slovakia
44%
Lab User Belarus
43%
Cacti Oars Costa Rica
43%
A Beau Issuing Guinea-Bissau
43%
Eight Ant Ensnared Vans Incident Saint Vincent and the Grenadines
43%
Mistaken Turn Turkmenistan
43%
Iguana Car Nicaragua
42%
In A Suit Tunisia
41%
A Bug Rail Bulgaria
40%
Polar Tug Portugal
40%
Aid A Comb Cambodia
39%
Anti Cancer Fabric Puller Central African Republic
39%
Big Mule Belgium
38%
I Bit Judo Djibouti
38%
Real Din Ireland
37%
Nuke Air Ukraine
37%
Earn Giant Argentina
36%
Am A Bash Bahamas
36%
Ciao Rat Croatia
36%
A Marine Armenia
35%
A Retire Eritrea
35%
Noise And I Indonesia
35%
No Valise Slovenia
35%
Moonlands Soils Solomon Islands
35%
Bad Boars Barbados
33%
Quiet Aerial Guano Equatorial Guinea
33%
I A Jants Kit Tajikistan
33%
Occurred Impeccable Hot Footing Democratic Republic of the Congo
32%
Road Cue Ecuador
32%
Salad Lover El Salvador
30%
Lizards Went Switzerland
29%
U Lan Haiti Lithuania
28%
Aneurism Suriname
28%
Touch Safari South Africa
27%
I A Rib Tik Kiribati
25%
Rum Glue Box Luxembourg
24%
Oak Shouter South Korea
23%
Did A Ruta Bag Banna U Antigua and Barbuda
21%
Odd Item Nuking United Kingdom
21%
Ethnics Lenient Liechtenstein
20%
No One Germ Montenegro
20%
Satanists Invent Kid Saint Kitts and Nevis
18%
Hi Opiate Ethiopia
17%
Draftees Detest A Nicer Mafioso Federated States of Micronesia
17%
Honor Taker North Korea
14%
Rooftop Belching Cue Republic of the Congo
13%
Bernie Brunei
12%
Main Sonar San Marino
12%
A Handbag Revision Zone Bosnia and Herzegovina
11%
Soya Victor Ivory Coast
11%
Inebriated Amateurs United Arab Emirates
11%
Impaled Bic Unikorn Dominican Republic
10%
Is A Lunatic Saint Lucia
10%
Release Iron Sierra Leone
9%
Snail Ark Sri Lanka
9%
Android Goat Bandit Trinidad and Tobago
8%
Aura Basidia Saudi Arabia
7%
Ten Handlers Netherlands
6%
Thorn A Comedian North Macedonia
6%
Hut Sun Soda South Sudan
6%
Opinionated Campers São Tomé and Príncipe
5%
Aim Otters East Timor
4%
Steadiest Nut United States
0%
No matching quizzes found
Score Distribution
Percent of People with Each Score
Percentile by Number Answered
Your Score History
You have not taken this quiz